000 00361nam a2200133Ia 4500
008 260210s9999 xx 000 0 und d
024 _a99B-BCS5Y-21
082 _a004.67072 GHA
100 _aGhazala Taqee
245 0 _aPatient Appointment System
260 _aKarachi:
_bUITU,
_c1999
600 _aComputer Science
650 _aBachelor of Computer Science (BS)
999 _c31836
_d31836